Statistics for V. C. Bird Int. Airport Destinations (Osbourn, Antigua & Barbuda)

Click here to take the quiz!

General Stats

  • This quiz has been taken 11 times
  • The average score is 24 of 29

Answer Stats

AirlineDestination% Correct
Anguilla Air ServicesAnguilla
100%
British AirwaysAruba
100%
Delta Air LinesAtlanta
100%
British Airways/LIATGrenada
100%
British AirwaysLondon (Gatwick)
100%
Virgin AtlanticLondon (Heathrow)
100%
American AirlinesMiami
100%
Air Canada Rouge/Sunwing AirlinesMontreal (Trudeau)
100%
ABM Air/CalvinAir Helicopters/FlyMontserratMontserrat
100%
American Airlines/JetBlueNew York (JFK)
100%
Caribbean AirlinesPort of Spain
100%
St Barth Commuter/Tradewind Aviation/WinairSaint Barthelemy
100%
Air Canada Rouge/Sunwing Airlines/WestJetToronto (Pearson)
100%
Air Antilles/Caribbean Airlines/LIATBarbados
88%
American AirlinesCharlotte
88%
British Airways/CalvinAir Helicopters/LIATSt. Kitts
88%
Air Antilles/LIAT/WinairSt. Maarten
88%
ABM Air/CalvinAir Helicopters/FlyMontserratBarbuda
75%
CalvinAir HelicoptersDominica (Canefield)
75%
LIAT/WinairDominica (Douglas-Charles)
75%
Caribbean AirlinesKingston (Norman Manley)
75%
United AirlinesNewark
75%
Sky HighSanto Domingo (Las Americas)
75%
Air AntillesPointe-a-Pitre
63%
LIATSt. Vincent (Argyle)
63%
LIATSt. Thomas
50%
CalvinAir Helicopters/FlyMontserratNevis
38%
LIATTortola
38%
LIATCastries
25%

Score Distribution

Percentile by Number Answered

Percent of People with Each Score

Your Score History

You have not taken this quiz